Survey of India's export poteutial within the Indian ocean basin and near by oreas. (Record no. 692724)

MARC details
000 -LEADER
fixed length control field 00877nam a2200241Ia 4500
003 - CONTROL NUMBER IDENTIFIER
control field OSt
005 - DATE AND TIME OF LATEST TRANSACTION
control field 20220927105455.0
008 - FIXED-LENGTH DATA ELEMENTS--GENERAL INFORMATION
fixed length control field 220926b |||||||| |||| 00| 0 eng d
037 ## - SOURCE OF ACQUISITION
Terms of availability Reference Collections
040 ## - CATALOGING SOURCE
Original cataloging agency RTL
Transcribing agency RTL
Language of cataloging eng
041 ## - LANGUAGE CODE
Source of code eng
Language code of text/sound track or separate title eng
110 ## - MAIN ENTRY--CORPORATE NAME
Corporate name or jurisdiction name as entry element Thailand/ National council of applied economic research.
9 (RLIN) 372781
245 #0 - TITLE STATEMENT
Title Survey of India's export poteutial within the Indian ocean basin and near by oreas.
260 ## - PUBLICATION, DISTRIBUTION, ETC.
Place of publication, distribution, etc. Delhi
Name of publisher, distributor, etc. National council of applied economic research
Date of publication, distribution, etc. 1970
300 ## - PHYSICAL DESCRIPTION
Extent "iii, 369p."
Dimensions cm.
700 ## - ADDED ENTRY--PERSONAL NAME
Personal name Thailand/ National council of applied economic research.
9 (RLIN) 372782
942 ## - ADDED ENTRY ELEMENTS (KOHA)
Classification part "V2:433, (X:545) N74 - N69t4, L0/GD"
Koha item type

No items available.

Copyright @ Delhi University Library System